I am O... - Statistics

General Stats
  • This quiz has been taken 270 times
  • The average score is 14 of 20
Answer Stats
English Latin % Correct
I walk ambul{o}
100%
it is pleasing delecta{t}
100%
s/he is leaving discedi{t}
100%
they are raising tollu{nt}
100%
I am working labor{o}
89%
you (pl.) hurry festina{tis}
88%
s/he claps plaudi{t}
86%
I am standing st{o}
86%
you (sing.) are able pote{s}
83%
you (sing.) smile ride{s}
83%
s/he is sleeping dormi{t}
80%
you (pl.) are ruling regi{tis}
80%
it falls cadi{t}
78%
you (sing.) worship adora{s}
75%
you (pl.) hear audi{tis}
75%
s/he is drinking bibi{t}
75%
they are carrying porta{nt}
75%
we are watching specta{mus}
75%
I curse vituper{o}
75%
we live vivi{mus}
75%
s/he drives on agita{t}
71%
s/he sits sede{t}
71%
they whisper susurra{nt}
71%
I am victorious vinc{o}
70%
they are shouting clama{nt}
67%
you (pl.) go out exi{tis}
67%
you (pl.) wear geri{tis}
67%
they are mooing mugiu{nt}
67%
we reply responde{mus}
67%
s/he greets saluta{t}
67%
you (sing.) write scribi{s}
67%
we are trying tempta{mus}
67%
you (pl.) come veni{tis}
67%
you (sing.) see vide{s}
67%
s/he wants vul{t}
67%
I lose amitt{o}
63%
we are giving da{mus}
63%
we refuse nolu{mus}
63%
it showers spargi{t}
63%
you (sing.) are quiet tace{s}
63%
we are arriving adveni{mus}
60%
you (sing.) speak dici{s}
60%
we go along procedi{mus}
60%
I repair refici{o}
60%
they hold back retine{nt}
60%
they fly volita{nt}
60%
we are celebrating celebra{mus}
57%
I am leading duc{o}
57%
they have habe{nt}
50%
s/he announces nuntia{t}
50%
No matching quizzes found
Score Distribution
Percent of People with Each Score
Percentile by Number Answered
Your Score History
You have not taken this quiz